000 00314nam a2200121Ia 4500
008 190216s9999||||xx |||||||||||||| ||und||
100 _aDavis And Snider David
245 0 _aIntroduction To Vector Analysis
260 _bUniversal Bookstall Newdelhi
_c1991
300 _a408p
650 _aMathematics
942 _cBK
999 _c31357
_d31357